[Event "Candidates Blitz"]
[Site "Toronto CAN"]
[Date "2024.04.08"]
[Round "6.5"]
[White "Golubka, Petro"]
[Black "Keleberda, Tymur"]
[Result "0-1"]
[WhiteElo "2398"]
[BlackElo "2212"]
[WhiteFideId "-1"]
[BlackFideId "-1"]
[PlyCount "102"]
[GameId "2160767905997853"]
[EventDate "2024.04.08"]
[EventType "swiss (blitz)"]
[EventRounds "9"]
[EventCountry "CAN"]
[SourceTitle "10 Days #756"]
[Source "ChessMix "]
[SourceDate "2024.04.20"]
[SourceVersion "1"]
[SourceVersionDate "2024.04.20"]
[SourceQuality "1"]

1. e4 c5 2. b3 d6 3. Bb2 Nf6 4. Bb5+ Bd7 5. Qe2 e5 6. f4 Bxb5 7. Qxb5+ Qd7 8. Qxd7+ Nfxd7 9. fxe5 dxe5 10. Nf3 f6 11. a4 Nc6 12. Na3 Nd4 13. Kd1 Be7 14. Nc4 Kf7 15. Ne3 Ke6 16. d3 Rhc8 17. a5 Bd8 18. Re1 b5 19. a6 Rc6 20. Nd5 Nb8 21. Nd2 Rxa6 22. c3 Ndc6 23. c4 Rxa1+ 24. Bxa1 b4 25. Ke2 a5 26. Bb2 a4 27. bxa4 Rxa4 28. Nb3 Kd6 29. Bc1 Ra2+ 30. Kf3 Na6 31. Be3 Nd4+ 32. Bxd4 exd4 33. Re2 Ra3 34. Rb2 Kc6 35. Nf4 Nc7 36. Ke2 Kd6 37. g3 g6 38. Kd1 f5 39. e5+ Kc6 40. h4 g5 41. hxg5 Bxg5 42. Ne2 Ne6 43. Kc2 f4 44. gxf4 Bxf4 45. Rb1 Bxe5 46. Rh1 Nf8 47. Rh6+ Bd6 48. Nexd4+ cxd4 49. Nxd4+ Kd7 50. Nb5 Ra6 51. c5 Rc6 0-1

[Event "Candidates Blitz"]
[Site "Toronto CAN"]
[Date "2024.04.08"]
[Round "7.3"]
[White "Sambuev, Bator"]
[Black "Keleberda, Tymur"]
[Result "1-0"]
[WhiteElo "2464"]
[BlackElo "2212"]
[WhiteFideId "-1"]
[BlackFideId "-1"]
[PlyCount "79"]
[GameId "2160767906006055"]
[EventDate "2024.04.08"]
[EventType "swiss (blitz)"]
[EventRounds "9"]
[EventCountry "CAN"]
[SourceTitle "10 Days #756"]
[Source "ChessMix "]
[SourceDate "2024.04.20"]
[SourceVersion "1"]
[SourceVersionDate "2024.04.20"]
[SourceQuality "1"]

1. d4 Nf6 2. c4 e6 3. Nc3 d5 4. Bg5 Be7 5. e3 O-O 6. Nf3 h6 7. Bh4 Nbd7 8. Rc1 a6 9. cxd5 exd5 10. Bd3 c6 11. Nd2 b5 12. O-O Bb7 13. Nb3 a5 14. a4 b4 15. Ne2 Nb6 16. Nc5 Bxc5 17. Rxc5 Qd6 18. b3 Nfd7 19. Rc2 Rac8 20. Ng3 g6 21. Ne2 c5 22. dxc5 Nxc5 23. Nd4 Nxd3 24. Rxc8 Rxc8 25. Qxd3 Nd7 26. Bg3 Qb6 27. Rd1 Nc5 28. Qb5 Qxb5 29. axb5 a4 30. bxa4 Nxa4 31. h4 Nc3 32. Ra1 Rc4 33. Be5 f5 34. Ra7 Bc8 35. b6 b3 36. Nxb3 Rb4 37. Bxc3 Rxb3 38. Bd4 Rb1+ 39. Kh2 Kf8 40. Ra8 1-0

[Event "Candidates Blitz"]
[Site "Toronto CAN"]
[Date "2024.04.08"]
[Round "9.5"]
[White "Keleberda, Tymur"]
[Black "Vettese, Nicholas"]
[Result "0-1"]
[WhiteElo "2212"]
[BlackElo "2206"]
[WhiteFideId "-1"]
[BlackFideId "-1"]
[PlyCount "70"]
[GameId "2160767906006081"]
[EventDate "2024.04.08"]
[EventType "swiss (blitz)"]
[EventRounds "9"]
[EventCountry "CAN"]
[SourceTitle "10 Days #756"]
[Source "ChessMix "]
[SourceDate "2024.04.20"]
[SourceVersion "1"]
[SourceVersionDate "2024.04.20"]
[SourceQuality "1"]

1. e4 c5 2. Nf3 e6 3. Bd3 d5 4. exd5 exd5 5. O-O Nf6 6. Bb5+ Nbd7 7. Re1+ Be7 8. Qe2 a6 9. Bd3 Nf8 10. c3 Ne6 11. Bf5 d4 12. d3 h6 13. Bh3 O-O 14. Na3 b5 15. Ne5 Qc7 16. Ng6 Re8 17. Nxe7+ Rxe7 18. Qf3 Bb7 19. Qg3 Rae8 20. Bxe6 Qc6 21. Bxh6 Nh5 22. Qg4 Rxe6 23. Rxe6 Rxe6 24. Bg5 Rg6 25. h4 f6 26. f3 fxg5 27. Qxh5 gxh4 28. Kf2 dxc3 29. bxc3 Qf6 30. Re1 Bc6 31. Qxc5 Rxg2+ 32. Ke3 Qxf3+ 33. Kd4 Rg4+ 34. Re4 Rxe4+ 35. dxe4 Qxe4# 0-1

[Event "CAN-ch"]
[Site "Toronto CAN"]
[Date "2024.03.27"]
[Round "1.19"]
[White "Keleberda, Tymur"]
[Black "Liu, Henry"]
[Result "0-1"]
[WhiteElo "2235"]
[BlackElo "1996"]
[WhiteFideId "-1"]
[BlackFideId "-1"]
[PlyCount "106"]
[GameId "2160767906027143"]
[EventDate "2024.03.27"]
[EventType "swiss"]
[EventRounds "10"]
[EventCountry "CAN"]

1. e4 e6 2. d4 d5 3. Nc3 Nf6 4. e5 Nfd7 5. f4 c5 6. Nf3 Nc6 7. Ne2 Be7 8. c3 O-O 9. g3 b5 10. a3 a5 11. Bg2 b4 12. axb4 cxb4 13. O-O Nb6 14. g4 a4 15. Ne1 b3 16. f5 Nc4 17. Nd3 Bg5 18. Nef4 Ra5 19. Nh5 exf5 20. gxf5 Be3+ 21. Kh1 Qg5 22. Ng3 Bxc1 23. Rxc1 a3 24. bxa3 b2 25. Rb1 Nd2 26. Nxb2 Nxf1 27. Qxf1 Rxa3 28. Qe1 Ne7 29. f6 gxf6 30. exf6 Nf5 31. Nxf5 Bxf5 32. Rd1 Ra2 33. Rd2 Ra1 34. Rd1 Rxd1 35. Nxd1 Be4 36. Bxe4 dxe4 37. Qxe4 Qxf6 38. Ne3 Kh8 39. Qf5 Qxf5 40. Nxf5 Rc8 41. Nd6 Rxc3 42. Nxf7+ Kg7 43. Ne5 Rc2 44. Kg1 Kf6 45. Ng4+ Kg5 46. Ne3 Re2 47. Ng2 Kg4 48. d5 Rd2 49. Kf1 Kf3 50. Nh4+ Ke4 51. d6 Rxh2 52. Ke1 Rxh4 53. d7 Ke3 0-1

[Event "CAN-ch"]
[Site "Toronto CAN"]
[Date "2024.03.28"]
[Round "2.17"]
[White "Yang, Lefan"]
[Black "Keleberda, Tymur"]
[Result "0-1"]
[WhiteElo "1942"]
[BlackElo "2235"]
[WhiteFideId "-1"]
[BlackFideId "-1"]
[PlyCount "174"]
[GameId "2160767906027173"]
[EventDate "2024.03.27"]
[EventType "swiss"]
[EventRounds "10"]
[EventCountry "CAN"]

1. d4 Nf6 2. c4 e6 3. Nc3 Bb4 4. e3 b6 5. Nge2 Ne4 6. Qd3 Bb7 7. d5 f5 8. a3 Bxc3+ 9. Nxc3 Nxc3 10. Qxc3 O-O 11. Qd4 c5 12. Qd1 d6 13. g3 b5 14. b3 Nd7 15. Bg2 Nb6 16. cxb5 Bxd5 17. O-O a6 18. Bxd5 Nxd5 19. bxa6 Rxa6 20. Qd3 Qa8 21. Bb2 Rb6 22. e4 fxe4 23. Qxe4 Nc7 24. Qg4 e5 25. b4 Qf3 26. Qc4+ Qf7 27. Rac1 Na6 28. Qxf7+ Kxf7 29. f4 e4 30. Rfd1 Re8 31. Kf2 cxb4 32. Bd4 Nc5 33. axb4 Rxb4 34. Bxc5 dxc5 35. Rxc5 e3+ 36. Kf3 Rb2 37. Re5 Rxe5 38. fxe5 Rxh2 39. Kxe3 Ke6 40. Ra1 Kxe5 41. Ra5+ Kf6 42. g4 Rc2 43. Kf3 Rc3+ 44. Ke4 h6 45. Rf5+ Kg6 46. Ra5 Rc6 47. Kf4 Rc1 48. Ra6+ Kh7 49. Ra5 Rf1+ 50. Kg3 Re1 51. Ra7 Re3+ 52. Kf4 Re6 53. Rb7 Kg6 54. Rb5 Kf7 55. Rb7+ Kf6 56. Rb5 Ra6 57. Rf5+ Kg6 58. Rb5 Kf7 59. Rb7+ Kf6 60. Rb5 Ra4+ 61. Kg3 Re4 62. Rf5+ Ke6 63. Ra5 Re5 64. Ra6+ Ke7 65. Kf4 Rg5 66. Ra7+ Kd6 67. Ra6+ Kd7 68. Ra7+ Kc6 69. Rf7 Kd6 70. Rf5 Rg6 71. Ra5 Rf6+ 72. Ke4 g5 73. Ra6+ Ke7 74. Ra7+ Ke6 75. Ra6+ Kf7 76. Ra7+ Kg6 77. Ke5 Rf7 78. Ra6+ Kg7 79. Ra4 h5 80. gxh5 Kh6 81. Ra1 Kxh5 82. Ke4 g4 83. Ke3 Kh4 84. Rh1+ Kg3 85. Rh5 Re7+ 86. Kd3 Kf2 87. Rf5+ Kg2 0-1

[Event "CAN-ch"]
[Site "Toronto CAN"]
[Date "2024.03.28"]
[Round "3.15"]
[White "Keleberda, Tymur"]
[Black "Joseph, Jonath"]
[Result "1-0"]
[WhiteElo "2235"]
[BlackElo "2151"]
[WhiteFideId "-1"]
[BlackFideId "-1"]
[PlyCount "63"]
[GameId "2160767906027203"]
[EventDate "2024.03.27"]
[EventType "swiss"]
[EventRounds "10"]
[EventCountry "CAN"]

1. e4 e5 2. Nf3 Nc6 3. Bc4 Bc5 4. c3 Nf6 5. d4 exd4 6. e5 d5 7. Bb5 Ne4 8. cxd4 Bb6 9. Nc3 O-O 10. Be3 Bg4 11. h3 Bh5 12. Qc2 Bg6 13. Qb3 Ne7 14. O-O c6 15. Bd3 Rb8 16. Qc2 Nxc3 17. bxc3 Bc7 18. Ng5 h6 19. Bxg6 Nxg6 20. Nxf7 Rxf7 21. Qxg6 Qh4 22. f4 Rbf8 23. Rf3 Bd8 24. Raf1 Rf5 25. Rg3 R5f7 26. Rg4 Qe7 27. Qxh6 b5 28. Rf3 Qb7 29. Rfg3 c5 30. f5 cxd4 31. f6 Bxf6 32. exf6 1-0

[Event "CAN-ch"]
[Site "Toronto CAN"]
[Date "2024.03.29"]
[Round "4.5"]
[White "Panjwani, Raja"]
[Black "Keleberda, Tymur"]
[Result "1-0"]
[WhiteElo "2468"]
[BlackElo "2235"]
[WhiteFideId "-1"]
[BlackFideId "-1"]
[PlyCount "66"]
[GameId "2160767906027225"]
[EventDate "2024.03.27"]
[EventType "swiss"]
[EventRounds "10"]
[EventCountry "CAN"]

1. Nf3 Nf6 2. c4 e6 3. g3 d5 4. d4 dxc4 5. Bg2 Bb4+ 6. Bd2 a5 7. a3 Bxd2+ 8. Nbxd2 b5 9. b3 cxb3 10. Qxb3 c6 11. O-O O-O 12. Rfc1 Bb7 13. Qb2 Qb6 14. Nc4 Qc7 15. Nce5 Qb6 16. Nd2 Nfd7 17. Nd3 Na6 18. Rc2 Rfb8 19. Rac1 e5 20. Bh3 Rd8 21. Bxd7 Rxd7 22. Nxe5 Rxd4 23. Ndc4 Qd8 24. Nxa5 Rd1+ 25. Rxd1 Qxd1+ 26. Kg2 c5+ 27. f3 Bd5 28. Rd2 Qa4 29. Rxd5 Qxa5 30. Nc6 Qb6 31. Rg5 g6 32. Ne7+ Kf8 33. Nd5 Qc7 1-0

[Event "CAN-ch"]
[Site "Toronto CAN"]
[Date "2024.03.30"]
[Round "5.17"]
[White "Keleberda, Tymur"]
[Black "Yang, Jingyun (Ryan)"]
[Result "1-0"]
[WhiteElo "2235"]
[BlackElo "2122"]
[WhiteFideId "-1"]
[BlackFideId "-1"]
[PlyCount "75"]
[GameId "2160767906027267"]
[EventDate "2024.03.27"]
[EventType "swiss"]
[EventRounds "10"]
[EventCountry "CAN"]

1. e4 c5 2. Nf3 e6 3. Bd3 Nc6 4. O-O b6 5. Re1 Bb7 6. b3 d6 7. Bb2 e5 8. Bc4 Be7 9. c3 Nf6 10. d4 O-O 11. Nbd2 cxd4 12. cxd4 exd4 13. Bf1 Nd7 14. Nxd4 Nxd4 15. Bxd4 Bf6 16. Nc4 Ne5 17. f3 Nxc4 18. Bxc4 Be5 19. Qd3 Qh4 20. g3 Qf6 21. Rad1 Bxd4+ 22. Qxd4 Qxf3 23. Rd3 Qh5 24. Qxd6 b5 25. Bd5 Rad8 26. Qc5 Bxd5 27. Rxd5 Rxd5 28. exd5 a6 29. Qd4 f5 30. d6 f4 31. Re5 Qh3 32. Qd5+ Kh8 33. Qf7 Qc8 34. Qxf8+ Qxf8 35. d7 fxg3 36. Re8 gxh2+ 37. Kxh2 Qxe8 38. dxe8=Q# 1-0

[Event "CAN-ch"]
[Site "Toronto CAN"]
[Date "2024.03.30"]
[Round "6.7"]
[White "Le, Quang Long"]
[Black "Keleberda, Tymur"]
[Result "0-1"]
[WhiteElo "2403"]
[BlackElo "2235"]
[WhiteFideId "-1"]
[BlackFideId "-1"]
[PlyCount "98"]
[GameId "2160767906027291"]
[EventDate "2024.03.27"]
[EventType "swiss"]
[EventRounds "10"]
[EventCountry "CAN"]

1. c4 c5 2. g3 Nf6 3. Bg2 d5 4. cxd5 Nxd5 5. Nf3 Nc6 6. Nc3 Nc7 7. a3 e5 8. b4 f6 9. b5 Nd4 10. Rb1 Be7 11. d3 O-O 12. Nd2 Be6 13. O-O Nd5 14. Bb2 Qd7 15. Nxd5 Bxd5 16. Bxd5+ Qxd5 17. Bxd4 exd4 18. Qb3 Qxb3 19. Rxb3 Bd8 20. Nc4 b6 21. Rfb1 Re8 22. Kf1 Re6 23. a4 Bc7 24. Ra3 a5 25. Re1 Kf7 26. e3 dxe3 27. Rxe3 Rd8 28. Ke2 h5 29. Ra1 Rxe3+ 30. Kxe3 g5 31. h3 f5 32. Rd1 Rd4 33. Kd2 h4 34. Rg1 g4 35. hxg4 Rxg4 36. Ke2 hxg3 37. fxg3 f4 38. Rh1 fxg3 39. Kf3 Rf4+ 40. Ke3 Rf6 41. Ke4 Ke6 42. Ke3 Rf2 43. Rh6+ Kf5 44. Nd6+ Bxd6 45. Rxd6 Rf1 46. Rd5+ Kg4 47. Rd6 Re1+ 48. Kd2 Re5 49. d4 cxd4 0-1

[Event "CAN-ch"]
[Site "Toronto CAN"]
[Date "2024.03.31"]
[Round "7.5"]
[White "Keleberda, Tymur"]
[Black "Atanasov, Anthony"]
[Result "1/2-1/2"]
[WhiteElo "2235"]
[BlackElo "2407"]
[WhiteFideId "-1"]
[BlackFideId "-1"]
[PlyCount "65"]
[GameId "2160767906027320"]
[EventDate "2024.03.27"]
[EventType "swiss"]
[EventRounds "10"]
[EventCountry "CAN"]

1. e4 c5 2. Nf3 d6 3. c3 Nf6 4. h3 Nc6 5. Bd3 e5 6. Bc2 d5 7. d3 h6 8. Nbd2 Be7 9. Qe2 Qc7 10. exd5 Nxd5 11. Nc4 Nf4 12. Bxf4 exf4 13. O-O Be6 14. Nce5 O-O 15. d4 Nxe5 16. dxe5 Qb6 17. c4 Rad8 18. b3 g6 19. Rad1 Rxd1 20. Rxd1 Rd8 21. Be4 Rxd1+ 22. Qxd1 Qa5 23. Qc2 Qa6 24. Qd2 g5 25. Bb1 f5 26. exf6 Bxf6 27. Qd3 Kf8 28. Qg6 Bg7 29. Be4 Bd7 30. Qxa6 bxa6 31. Ne1 a5 32. a4 Ke7 33. Nd3 1/2-1/2

[Event "CAN-ch"]
[Site "Toronto CAN"]
[Date "2024.04.01"]
[Round "8.6"]
[White "Sambuev, Bator"]
[Black "Keleberda, Tymur"]
[Result "1-0"]
[WhiteElo "2462"]
[BlackElo "2235"]
[WhiteFideId "-1"]
[BlackFideId "-1"]
[PlyCount "93"]
[GameId "2160767906035542"]
[EventDate "2024.03.27"]
[EventType "swiss"]
[EventRounds "10"]
[EventCountry "CAN"]

1. d4 Nf6 2. c4 e6 3. Nc3 Bb4 4. e3 b6 5. Nge2 Ne4 6. Bd2 Nxd2 7. Qxd2 Nc6 8. a3 Be7 9. Qc2 Bb7 10. O-O-O Na5 11. Nf4 d5 12. cxd5 exd5 13. b4 Nc4 14. Ncxd5 Nxa3 15. Qa4+ b5 16. Bxb5+ Nxb5 17. Qxb5+ c6 18. Qxb7 cxd5 19. Nxd5 Bd6 20. Qc6+ Kf8 21. Kd2 h5 22. Ra1 Rh6 23. Qc2 Qg5 24. Qe4 Re6 25. Qf3 Rd8 26. Ke2 Bxb4 27. Nxb4 Rxd4 28. Nc2 Qb5+ 29. Ke1 Rc4 30. Rxa7 Re7 31. Ra8+ Re8 32. Rxe8+ Qxe8 33. Qd1 Qc8 34. Kd2 Qf5 35. Nd4 Qxf2+ 36. Qe2 Rxd4+ 37. exd4 Qxd4+ 38. Qd3 Qb2+ 39. Ke3 Qe5+ 40. Qe4 Qc3+ 41. Kf2 Qd2+ 42. Kg3 Qc3+ 43. Kh4 g5+ 44. Kxg5 Qg7+ 45. Kh4 Qf6+ 46. Kh3 Qc3+ 47. g3 1-0

[Event "CAN-ch"]
[Site "Toronto CAN"]
[Date "2024.04.01"]
[Round "9.11"]
[White "Keleberda, Tymur"]
[Black "Kaufman, Raymond"]
[Result "1/2-1/2"]
[WhiteElo "2235"]
[BlackElo "2153"]
[WhiteFideId "-1"]
[BlackFideId "-1"]
[PlyCount "110"]
[GameId "2160767906035575"]
[EventDate "2024.03.27"]
[EventType "swiss"]
[EventRounds "10"]
[EventCountry "CAN"]

1. e4 c5 2. Nf3 d6 3. c3 Nf6 4. h3 Nc6 5. Bd3 e5 6. Bc2 Be7 7. O-O O-O 8. Re1 Qc7 9. a3 Rd8 10. b4 h6 11. d3 Be6 12. b5 Nb8 13. a4 a6 14. Na3 Nbd7 15. d4 cxd4 16. cxd4 d5 17. exd5 Nxd5 18. dxe5 Nc3 19. Qd3 Nf8 20. Nd4 axb5 21. Naxb5 Nxb5 22. Nxb5 Qa5 23. Qe4 Bf5 24. Bd2 Bxe4 25. Bxa5 Bxc2 26. Bxd8 Bxd8 27. Nd6 Rxa4 28. Rxa4 Bxa4 29. Nxb7 Be7 30. Nd6 Ne6 31. Ra1 Bc6 32. Ra6 Bd7 33. f4 g6 34. g3 Nc5 35. Ra5 Bxd6 36. exd6 Ne4 37. Ra7 Bxh3 38. d7 Bxd7 39. Rxd7 h5 40. Ra7 Kg7 41. Ra5 f5 42. Ra7+ Kf6 43. Kg2 Ke6 44. Kf3 Kf6 45. Ra3 Kg7 46. Re3 Kh6 47. Re1 Nd2+ 48. Ke3 Ne4 49. Rg1 Kg7 50. Rg2 Kf6 51. Kf3 Ke6 52. Ra2 Kf6 53. Ra3 Ke6 54. Ra6+ Kf7 55. Ra3 Nf6 1/2-1/2

[Event "Aurora Spring op"]
[Site "Newmarket CAN"]
[Date "2024.03.23"]
[Round "1.4"]
[White "Singh Dhaliwal, Jaipreet"]
[Black "Keleberda, Tymur"]
[Result "0-1"]
[WhiteElo "1873"]
[BlackElo "2235"]
[WhiteFideId "-1"]
[BlackFideId "-1"]
[PlyCount "84"]
[GameId "2160767906043938"]
[EventDate "2024.03.23"]
[EventType "swiss"]
[EventRounds "5"]
[EventCountry "CAN"]

1. e4 c5 2. Nf3 d6 3. d4 cxd4 4. Nxd4 Nf6 5. Nc3 a6 6. Be3 e5 7. Nb3 Be7 8. f3 Be6 9. Qd2 O-O 10. O-O-O Nbd7 11. g4 b5 12. g5 Nh5 13. Kb1 Nb6 14. Na5 Rc8 15. Nd5 Nxd5 16. exd5 Bxd5 17. Qxd5 Qxa5 18. c4 Qa4 19. Rc1 b4 20. Bh3 Rc7 21. Bg4 Nf4 22. Bxf4 exf4 23. h4 Rc5 24. Qe4 Ra5 25. Rh2 Qxa2+ 26. Kc2 Qa4+ 27. Kd2 Qb3 28. Rc2 f5 29. Qe6+ Rf7 30. Bh5 g6 31. Re2 Re5 32. Rxe5 dxe5 33. Bxg6 Qe3+ 34. Kd1 Qxf3+ 35. Kd2 hxg6 36. Qxg6+ Kf8 37. Qh6+ Rg7 38. c5 e4 39. b3 e3+ 40. Ke1 Qh1+ 41. Ke2 Qg2+ 42. Kd3 Qe4+ 0-1

[Event "Aurora Spring op"]
[Site "Newmarket CAN"]
[Date "2024.03.23"]
[Round "2.4"]
[White "Keleberda, Tymur"]
[Black "Wang, Derek"]
[Result "1-0"]
[WhiteElo "2235"]
[BlackElo "1945"]
[WhiteFideId "-1"]
[BlackFideId "-1"]
[PlyCount "59"]
[GameId "2160767906043947"]
[EventDate "2024.03.23"]
[EventType "swiss"]
[EventRounds "5"]
[EventCountry "CAN"]

1. e4 c5 2. Nf3 e6 3. c3 d5 4. exd5 Qxd5 5. d4 Nf6 6. Na3 a6 7. Nc2 Nbd7 8. Be2 Be7 9. O-O O-O 10. c4 Qc6 11. Ne5 Nxe5 12. dxe5 Rd8 13. Qe1 Nd7 14. Bd1 Qc7 15. f4 b5 16. b3 Bb7 17. Bb2 Nb6 18. Ne3 Qd7 19. Bc2 Qd2 20. Qg3 bxc4 21. Rf2 Qb4 22. f5 c3 23. f6 Bf8 24. fxg7 Bxg7 25. Bxh7+ Kxh7 26. Rxf7 Rg8 27. Qh3+ Kg6 28. Qxe6+ Kh7 29. Qf5+ Kh6 30. g4 1-0

[Event "Aurora Spring op"]
[Site "Newmarket CAN"]
[Date "2024.03.23"]
[Round "3.1"]
[White "Noritsyn, Nikolay"]
[Black "Keleberda, Tymur"]
[Result "1-0"]
[WhiteElo "2451"]
[BlackElo "2235"]
[WhiteFideId "-1"]
[BlackFideId "-1"]
[PlyCount "55"]
[GameId "2160767906043953"]
[EventDate "2024.03.23"]
[EventType "swiss"]
[EventRounds "5"]
[EventCountry "CAN"]

1. e4 c5 2. Nf3 d6 3. d4 cxd4 4. Nxd4 Nf6 5. Nc3 a6 6. Be3 e5 7. Nf3 Be7 8. Nd2 d5 9. Nxd5 Nxd5 10. exd5 Qxd5 11. Nc4 Qxd1+ 12. Rxd1 Nd7 13. Be2 b5 14. Bf3 Rb8 15. Na5 Bb4+ 16. Bd2 Bxd2+ 17. Kxd2 Rb6 18. Rhe1 f6 19. Kc1 Kd8 20. Re3 Ke7 21. Rc3 f5 22. Nc6+ Ke6 23. Bd5+ Kf6 24. Bb3 Nb8 25. Rd6+ Kg5 26. Rg3+ Kh5 27. Nxe5 Rxd6 28. f4 1-0

[Event "Aurora Spring op"]
[Site "Newmarket CAN"]
[Date "2024.03.24"]
[Round "4.2"]
[White "Keleberda, Tymur"]
[Black "Golubka, Petro"]
[Result "1/2-1/2"]
[WhiteElo "2235"]
[BlackElo "2417"]
[WhiteFideId "-1"]
[BlackFideId "-1"]
[PlyCount "38"]
[GameId "2160767906043962"]
[EventDate "2024.03.23"]
[EventType "swiss"]
[EventRounds "5"]
[EventCountry "CAN"]

1. e4 e6 2. d4 d5 3. Nc3 Bb4 4. e5 c5 5. a3 Ba5 6. b4 cxd4 7. Nb5 Bc7 8. Qg4 Kf8 9. f4 a5 10. Rb1 axb4 11. axb4 Bd7 12. Qd1 Bxb5 13. Bxb5 d3 14. Qxd3 Ne7 15. Nf3 Bb6 16. c4 dxc4 17. Qxd8+ Bxd8 18. Bxc4 Bb6 19. Ke2 Na6 1/2-1/2

[Event "Aurora Spring op"]
[Site "Newmarket CAN"]
[Date "2024.03.24"]
[Round "5.3"]
[White "Lu, Tony"]
[Black "Keleberda, Tymur"]
[Result "1/2-1/2"]
[WhiteElo "1854"]
[BlackElo "2235"]
[WhiteFideId "-1"]
[BlackFideId "-1"]
[PlyCount "90"]
[GameId "2160767906043971"]
[EventDate "2024.03.23"]
[EventType "swiss"]
[EventRounds "5"]
[EventCountry "CAN"]

1. e4 g6 2. d4 Bg7 3. Nc3 c6 4. f4 d5 5. e5 h5 6. h3 Nh6 7. Be3 b5 8. Qf3 Bf5 9. Qf2 Qa5 10. Bd3 Bxd3 11. cxd3 b4 12. Nd1 Nf5 13. Nf3 Qb5 14. Qd2 Nd7 15. Rc1 e6 16. O-O Bf8 17. Bf2 c5 18. g4 hxg4 19. hxg4 Nxd4 20. Nxd4 cxd4 21. Bxd4 Bc5 22. Bxc5 Nxc5 23. Nf2 Kd7 24. Qe3 Rac8 25. Rc2 Qb6 26. Rfc1 Na4 27. d4 Rxc2 28. Rxc2 Rc8 29. Qb3 Rxc2 30. Qxc2 Qb5 31. f5 gxf5 32. gxf5 Nb6 33. fxe6+ Kxe6 34. Qc7 Qd7 35. Qc5 Qd8 36. Qxb4 Qg5+ 37. Kf1 Qc1+ 38. Kg2 Qg5+ 39. Kh3 Nc4 40. Qc5 Ne3 41. Qc6+ Ke7 42. Qc5+ Ke6 43. Qc8+ Ke7 44. Qc5+ Ke8 45. Qc6+ Ke7 1/2-1/2

[Event "Excelsior March op"]
[Site "Toronto CAN"]
[Date "2024.03.15"]
[Round "1.6"]
[White "Keleberda, Tymur"]
[Black "Lakhani, Riyaan"]
[Result "1-0"]
[WhiteElo "2198"]
[BlackElo "1792"]
[WhiteFideId "-1"]
[BlackFideId "-1"]
[PlyCount "67"]
[GameId "2160767740051113"]
[EventDate "2024.03.15"]
[EventType "swiss"]
[EventRounds "5"]
[EventCountry "CAN"]
[TimeControl "90+30"]
[WhiteClock "1:05:57"]
[BlackClock "0:51:47"]

1. e4 {[%emt 0:00:00]} g6 {[%emt 0:00:00]} 2. d4 {[%emt 0:00:00]} Bg7 {[%emt 0:00:00]} 3. Bc4 {[%emt 0:00:00]} c6 {[%emt 0:00:00]} 4. Nc3 {[%emt 0:00:00]} d5 {[%emt 0:00:00]} 5. exd5 {[%emt 0:00:00]} b5 {[%emt 0:00:00]} 6. Bb3 {[%emt 0:00:00]} b4 {[%emt 0:00:00]} 7. Na4 {[%emt 0:00:00]} cxd5 {[%emt 0:00:00]} 8. a3 {[%emt 0:00:00]} Nc6 {[%emt 0:00:00]} 9. Be3 {[%emt 0:00:00]} a5 {[%emt 0:00:00]} 10. Nc5 {[%emt 0:00:00]} Nf6 {[%emt 0:00:00]} 11. axb4 {[%emt 0:00:00]} Nxb4 {[%emt 0:00:00]} 12. Ba4+ {[%emt 0:00:00]} Nd7 {[%emt 0:00:00]} 13. c3 {[%emt 0:00:00]} Na6 {[%emt 0:00:00]} 14. Bc6 {[%emt 0:00:00]} Rb8 {[%emt 0:00:00]} 15. Bxd7+ {[%emt 0:00:00]} Bxd7 {[%emt 0:00:00]} 16. Nxa6 {[%emt 0:00:00]} Rxb2 {[%emt 0:00:00]} 17. Nc5 {[%emt 0:00:00]} Bf5 {[%emt 0:00:00]} 18. Qa4+ {[%emt 0:00:00]} Kf8 {[%emt 0:00:00]} 19. Nf3 {[%emt 0:00:00]} Bf6 {[%emt 0:00:00]} 20. Bh6+ {[%emt 0:00:00]} Bg7 {[%emt 0:00:00]} 21. Bc1 {[%emt 0:00:00]} Rc2 {[%emt 0:00:00]} 22. Qb3 {[%emt 0:00:00]} Bf6 {[%emt 0:00:00]} 23. Bh6+ {[%emt 0:00:00]} Bg7 {[%emt 0:00:00]} 24. Bf4 {[%emt 0:00:00]} Bf6 {[%emt 0:00:00]} 25. O-O {[%emt 0:00:00]} Kg7 {[%emt 0:00:00]} 26. Rfe1 {[%emt 0:00:00]} h6 {[%emt 0:00:00]} 27. Ne5 {[%emt 0:00:00]} g5 {[%emt 0:00:00]} 28. Bg3 {[%emt 0:00:00]} h5 {[%emt 0:00:00]} 29. Nc6 {[%emt 0:00:00]} Qe8 {[%emt 0:00:00]} 30. Nxe7 {[%emt 0:00:00]} Bxe7 {[%emt 0:00:00]} 31. Qxd5 {[%emt 0:00:00]} Be6 {[%emt 0:00:00]} 32. Nxe6+ {[%emt 0:00:00]} fxe6 {[%emt 0:00:00]} 33. Qxe6 {[%emt 0:00:00]} Kf8 {[%emt 0:00:00]} 34. Qf5+ {[%emt 0:00:00]} 1-0

[Event "Excelsior March op"]
[Site "Toronto CAN"]
[Date "2024.03.16"]
[Round "2.6"]
[White "Zhong, Ryan Yunhui"]
[Black "Keleberda, Tymur"]
[Result "1-0"]
[WhiteElo "1826"]
[BlackElo "2198"]
[WhiteFideId "-1"]
[BlackFideId "-1"]
[PlyCount "63"]
[GameId "2160767740051121"]
[EventDate "2024.03.15"]
[EventType "swiss"]
[EventRounds "5"]
[EventCountry "CAN"]
[TimeControl "90+30"]
[WhiteClock "0:10:42"]
[BlackClock "0:07:11"]

1. e4 {[%emt 0:00:00]} g6 {[%emt 0:00:00]} 2. d4 {[%emt 0:00:00]} Bg7 {[%emt 0:00:00]} 3. Nf3 {[%emt 0:00:00]} c6 {[%emt 0:00:00]} 4. Bd3 {[%emt 0:00:00]} d5 {[%emt 0:00:00]} 5. e5 {[%emt 0:00:00]} Nh6 {[%emt 0:00:00]} 6. Nc3 {[%emt 0:00:00]} f6 {[%emt 0:00:00]} 7. exf6 {[%emt 0:00:00]} exf6 {[%emt 0:00:00]} 8. Qe2+ {[%emt 0:00:00]} Kf7 {[%emt 0:00:00]} 9. O-O {[%emt 0:00:00]} Bf5 {[%emt 0:00:00]} 10. Re1 {[%emt 0:00:00]} Qd7 {[%emt 0:00:00]} 11. Bf4 {[%emt 0:00:00]} Bxd3 {[%emt 0:00:00]} 12. Qxd3 {[%emt 0:00:00]} Nf5 {[%emt 0:00:00]} 13. b4 {[%emt 0:00:00]} Na6 {[%emt 0:00:00]} 14. Reb1 {[%emt 0:00:00]} Nc7 {[%emt 0:00:00]} 15. g4 {[%emt 0:00:00]} Ne6 {[%emt 0:00:00]} 16. Bg3 {[%emt 0:00:00]} Nd6 {[%emt 0:00:00]} 17. b5 {[%emt 0:00:00]} Nc4 {[%emt 0:00:00]} 18. Rb3 {[%emt 0:00:00]} b6 {[%emt 0:00:00]} 19. Nd2 {[%emt 0:00:00]} c5 {[%emt 0:00:00]} 20. Nxc4 {[%emt 0:00:00]} dxc4 {[%emt 0:00:00]} 21. Qxc4 {[%emt 0:00:00]} Qxd4 {[%emt 0:00:00]} 22. Qe2 {[%emt 0:00:00]} Qd7 {[%emt 0:00:00]} 23. Ne4 {[%emt 0:01:35.30]} Rhd8 {[%emt 0:00:00]} 24. Nd6+ {[%emt 0:01:26]} Kg8 {[%emt 0:00:00]} 25. Re3 {[%emt 0:00:41]} Nd4 {[%emt 0:04:41.30]} 26. Qc4+ {[%emt 0:00:17]} Kf8 {[%emt 0:00:35]} 27. Rae1 {[%emt 0:00:35]} Qxd6 {[%emt 0:04:15]} 28. Bxd6+ {[%emt 0:00:34]} Rxd6 {[%emt 0:00:05]} 29. Re7 {[%emt 0:00:14]} Nf3+ {[%emt 0:00:05]} 30. Kh1 {[%emt 0:00:05]} Ng5 {[%emt 0:00:03]} 31. h4 {[%emt 0:01:13]} Rd4 {[%emt 0:00:05]} 32. Qe2 {[%emt 0:00:08]} 1-0